[Event "TUR-chT 2nd League"]
[Site "Denizli"]
[Date "2023.07.15"]
[Round "9.86"]
[White "Yokus, Yusuf Diyar"]
[Black "Sezis, Doruk"]
[Result "0-1"]
[WhiteElo "1764"]
[BlackElo "1880"]
[PlyCount "93"]
[EventDate "2023.07.09"]
[EventType "team-swiss"]
[EventRounds "9"]
[EventCountry "TUR"]
[SourceTitle "CBM 215 Extra"]
[Source "ChessBase"]
[SourceDate "2023.09.30"]
[SourceVersion "1"]
[SourceVersionDate "2023.09.30"]
[SourceQuality "1"]
[WhiteTeam "Gaziantep Tantima"]
[BlackTeam "Celik"]
[WhiteTeamCountry "TUR"]
[BlackTeamCountry "TUR"]

1. d4 Nf6 2. c4 e6 3. Nf3 d5 4. cxd5 exd5 5. Nc3 c6 6. Bg5 h6 7. Bf4 Bd6 8. Bxd6 Qxd6 9. Qc2 0-0 10. e3 Be6 11. Bd3 Nbd7 12. 0-0 b6 13. Rfd1 Rac8 14. Rac1 c5 15. Qb1 c4 16. Bf5 Rfe8 17. h3 a6 18. a4 Rb8 19. Bxe6 Rxe6 20. b4 b5 21. axb5 axb5 22. Nd2 Qe7 23. Qb2 Nb6 24. Ra1 Rc6 25. Rdc1 Nc8 26. Ra5 Nd6 27. Rca1 Qd7 28. Qc2 Rcb6 29. Ra7 Qe6 30. Nf3 Nfe4 31. Ne5 Nxc3 32. Qxc3 R6b7 33. Qc2 g6 34. R7a6 Rb6 35. Ra7 R6b7 36. R1a6 Rxa7 37. Rxa7 Rc8 38. Ra6 Kg7 39. Kf1 Qe7 40. g4 g5 41. Kg2 Rc7 42. Kg1 Ne4 43. f3 Nd6 44. Kf2 Ne8 45. Qb1 c3 46. Ra2 c2 47. Rxc2 0-1

[Event "TUR-chT 2nd League"]
[Site "Denizli"]
[Date "2023.07.11"]
[Round "4.56"]
[White "Yokus, Yusuf Diyar"]
[Black "Kaptan, Emre Akin"]
[Result "0-1"]
[WhiteElo "1764"]
[BlackElo "1842"]
[PlyCount "104"]
[EventDate "2023.07.09"]
[EventType "team-swiss"]
[EventRounds "9"]
[EventCountry "TUR"]
[SourceTitle "CBM 215 Extra"]
[Source "ChessBase"]
[SourceDate "2023.09.30"]
[SourceVersion "1"]
[SourceVersionDate "2023.09.30"]
[SourceQuality "1"]
[WhiteTeam "Gaziantep Tantima"]
[BlackTeam "Sakarya Satranc"]
[WhiteTeamCountry "TUR"]
[BlackTeamCountry "TUR"]

1. d4 d5 2. c4 c6 3. Nf3 Nf6 4. e3 Bf5 5. Qb3 Qb6 6. c5 Qxb3 7. axb3 Nbd7 8. b4 g6 9. Nc3 Ne4 10. b5 e5 11. bxc6 bxc6 12. Ba6 Rb8 13. Be2 Ra8 14. Ra6 Nxc3 15. bxc3 Nb8 16. Ra5 Be4 17. 0-0 Bxf3 18. Bxf3 e4 19. Be2 f5 20. c4 Kd8 21. cxd5 cxd5 22. Bd2 h5 23. Rfa1 Rh7 24. Bd1 a6 25. Be2 Rha7 26. R5a4 Kd7 27. Ba5 Be7 28. Bb6 Rb7 29. Bb5+ Ke6 30. g3 g5 31. Kf1 f4 32. Ke2 Kf5 33. h3 f3+ 34. Kd2 g4 35. h4 Ke6 36. Bxa6 Rxa6 37. Rxa6 Nxa6 38. Rxa6 Kd7 39. Ra8 Kc6 40. Rh8 Kb5 41. Kc3 Bxh4 42. Rxh5 Bxg3 43. fxg3 Rb8 44. Bc7 Ra8 45. Kb3 Ra1 46. Rf5 Re1 47. Kc2 Rxe3 48. Be5 Ra3 49. Rf6 e3 50. c6 e2 51. Kd2 Ra2+ 52. Ke1 Ra1+ 0-1

[Event "TUR-chT 2nd League"]
[Site "Denizli"]
[Date "2023.07.09"]
[Round "1.154"]
[White "Bayko, Huseyin"]
[Black "Yokus, Yusuf Diyar"]
[Result "0-1"]
[WhiteElo "1441"]
[BlackElo "1764"]
[PlyCount "87"]
[EventDate "2023.07.09"]
[EventType "team-swiss"]
[EventRounds "9"]
[EventCountry "TUR"]
[SourceTitle "CBM 215 Extra"]
[Source "ChessBase"]
[SourceDate "2023.09.30"]
[SourceVersion "1"]
[SourceVersionDate "2023.09.30"]
[SourceQuality "1"]
[WhiteTeam "Denizli Gelisim"]
[BlackTeam "Gaziantep Tantima"]
[WhiteTeamCountry "TUR"]
[BlackTeamCountry "TUR"]

1. c4 c5 2. g3 Nc6 3. Bg2 g6 4. Nc3 Bg7 5. e3 e6 6. Nge2 Nge7 7. 0-0 0-0 8. d4 cxd4 9. exd4 d5 10. cxd5 exd5 11. Be3 Be6 12. Rc1 Qd7 13. Re1 Rfe8 14. Qd2 Nf5 15. Nf4 Nce7 16. Nxe6 fxe6 17. g4 Nd6 18. b3 Nc6 19. h3 Rac8 20. f4 Kh8 21. Re2 Qf7 22. Kh1 b5 23. Rf2 Qf6 24. Ne2 b4 25. Qd3 Qd8 26. Ng1 Qb6 27. Nf3 Ne4 28. Rfc2 Nc3 29. a4 Na5 30. Rb2 Ne4 31. Rbc2 Rc3 32. Rxc3 Nxc3 33. Qc2 Rc8 34. Ne5 Qc7 35. Nd3 Nc6 36. Ne5 Nxe5 37. fxe5 Qb6 38. Qd3 Kg8 39. Bd2 Qc6 40. Qf3 Qc7 41. Kg1 Qb6 42. Kh1 Qxd4 43. Bg5 Rf8 44. Qg3 0-1

[Event "TUR-chT 2nd League"]
[Site "Konya"]
[Date "2022.08.26"]
[Round "7.4"]
[White "Cankurt, Arda"]
[Black "Yokus, Yusuf Diyar"]
[Result "0-1"]
[WhiteElo "1615"]
[BlackElo "1747"]
[PlyCount "160"]
[EventDate "2022.08.22"]
[EventType "team-swiss"]
[EventRounds "9"]
[EventCountry "TUR"]
[SourceTitle "CBM 210 Extra"]
[Source "ChessBase"]
[SourceDate "2022.11.30"]
[SourceVersion "1"]
[SourceVersionDate "2022.11.30"]
[SourceQuality "1"]
[WhiteTeam "Bursa Nida"]
[BlackTeam "Gaziantep Sader"]
[WhiteTeamCountry "TUR"]
[BlackTeamCountry "TUR"]

1. Nf3 Nf6 2. g3 c5 3. Bg2 Nc6 4. 0-0 g6 5. b3 Bg7 6. Bb2 0-0 7. c4 b6 8. Nc3 Bb7 9. a3 Rc8 10. e3 Na5 11. d3 Qc7 12. Rc1 Qb8 13. b4 Nc6 14. Qb3 Qa8 15. e4 e6 16. Rfd1 Rfd8 17. bxc5 bxc5 18. Nb5 d6 19. Bh3 a6 20. Nc3 Nd7 21. Na4 Qa7 22. Bxg7 Kxg7 23. Rb1 Rb8 24. Qc3+ Nd4 25. Nxd4 cxd4 26. Qa5 Bc6 27. Rb4 Bxa4 28. Qxa4 Nc5 29. Qc2 a5 30. Rb5 a4 31. f4 Rxb5 32. cxb5 Qa5 33. f5 Qxb5 34. Qf2 exf5 35. Qxd4+ Kg8 36. exf5 Qb3 37. Re1 Qxd3 38. Qf6 Rf8 39. Bg2 Qxf5 40. Qxd6 Nd3 41. Rf1 Qc5+ 42. Qxc5 Nxc5 43. Rc1 Rc8 44. Rc4 Kf8 45. Bf3 Ke7 46. Bd1 Kd6 47. Bxa4 Ra8 48. Bb5 Rxa3 49. Rf4 f5 50. Bc4 Ke5 51. Bg8 Ra7 52. Kg2 Ne4 53. Rf1 Rc7 54. Rd1 Nf6 55. Bb3 Rb7 56. Bc4 g5 57. Kf3 Rb2 58. h3 g4+ 59. hxg4 fxg4+ 60. Ke3 Rg2 61. Ra1 Rxg3+ 62. Ke2 Rh3 63. Re1 Kf4 64. Rf1+ Rf3 65. Rg1 g3 66. Ba6 Rf2+ 67. Kd3 h5 68. Bb7 h4 69. Rh1 Kg4 70. Bc8+ Kg5 71. Bh3 Ng4 72. Rg1 Ra2 73. Bf1 Ra1 74. Ke2 Nh2 75. Rh1 Rxf1 76. Rxf1 Nxf1 77. Kxf1 Kg4 78. Kg2 h3+ 79. Kg1 Kf3 80. Kh1 g2+ 0-1

[Event "TUR-chT2"]
[Site "Konya"]
[Date "2017.07.10"]
[Round "3.10"]
[White "Civas, Ege Noyan"]
[Black "Yokus, Yusuf Diyar"]
[Result "1-0"]
[WhiteElo "1621"]
[BlackElo "1593"]
[PlyCount "124"]
[EventDate "2017.07.09"]
[EventType "team-swiss"]
[EventRounds "9"]
[EventCountry "TUR"]
[SourceTitle "CBM 179 Extra"]
[Source "ChessBase"]
[SourceDate "2017.08.23"]
[SourceVersion "1"]
[SourceVersionDate "2017.08.23"]
[SourceQuality "1"]
[WhiteTeam "Sinop Kultur"]
[BlackTeam "Uludag Univ"]
[WhiteTeamCountry "TUR"]
[BlackTeamCountry "TUR"]

1. e4 d6 2. d4 Nf6 3. Nc3 c6 4. f3 Nbd7 5. Be3 e5 6. Nge2 Qc7 7. Qd2 Be7 8. g4 b5 9. g5 Ng8 10. Ng3 Nb6 11. b3 a5 12. Kf2 Bd7 13. h4 Kf8 14. Bh3 b4 15. Nce2 c5 16. dxe5 dxe5 17. Bxd7 Qxd7 18. Qxd7 Nxd7 19. Rad1 Ra7 20. Rd2 g6 21. Rhd1 Ke8 22. Nc1 h6 23. Kg2 hxg5 24. hxg5 f6 25. gxf6 Ngxf6 26. Nd3 Kf7 27. Nb2 Nb6 28. Rh1 Rxh1 29. Nxh1 Rc7 30. Nf2 Ke6 31. Nfd3 Nfd7 32. f4 Bd6 33. Rf2 c4 34. Nxe5 Bxe5 35. fxe5 Rc6 36. Bxb6 Rxb6 37. Nxc4 Ra6 38. Kf3 Nxe5+ 39. Nxe5 Kxe5 40. Ke3 Rc6 41. Rg2 Rc3+ 42. Kd2 Kxe4 43. Rxg6 Rc5 44. Rh6 Rd5+ 45. Ke2 Kd4 46. Rc6 Re5+ 47. Kd2 Rh5 48. Rc4+ Kd5 49. Kc1 Rh6 50. Kb2 Rc6 51. Rxc6 Kxc6 52. c4 bxc3+ 53. Kxc3 Kc5 54. a3 Kd5 55. Kd3 Kc5 56. Ke4 Kc6 57. Kd4 Kb6 58. Kc4 Kc6 59. a4 Kb6 60. Kd5 Ka7 61. Kc5 Ka6 62. Kc6 Ka7 1-0

[Event "TUR-ch U20"]
[Site "Canakkale"]
[Date "2016.07.01"]
[Round "7"]
[White "Colak, Tugay"]
[Black "Yokus, Yusuf Diyar"]
[Result "1-0"]
[WhiteElo "1609"]
[BlackElo "1370"]
[PlyCount "99"]
[EventDate "2016.06.27"]
[EventType "swiss"]
[EventRounds "9"]
[EventCountry "TUR"]
[SourceTitle "CBM 173 Extra"]
[Source "ChessBase"]
[SourceDate "2016.08.29"]
[SourceVersion "1"]
[SourceVersionDate "2016.08.29"]
[SourceQuality "1"]

1. d4 Nf6 2. Nf3 e6 3. Bf4 b6 4. e3 Bb7 5. Bd3 d6 6. Nbd2 Nbd7 7. c3 Qe7 8. Bg3 e5 9. dxe5 Nxe5 10. Qa4+ Bc6 11. Bb5 Bxb5 12. Qxb5+ c6 13. Qa6 g6 14. Nxe5 dxe5 15. Nc4 Nd5 16. Bxe5 f6 17. Bg3 Bh6 18. 0-0 Rd8 19. Nd6+ Kf8 20. Nb7 Kg7 21. Nxd8 Rxd8 22. Qe2 f5 23. Rfe1 Re8 24. c4 Nf6 25. Qd2 Rd8 26. Qc3 Kf7 27. Rad1 Re8 28. c5 Nd5 29. Qd2 Qxc5 30. Rc1 Qb5 31. b3 Re6 32. h4 Qa6 33. Bf4 Bg7 34. Rc2 Qb7 35. Rd1 Qd7 36. Qe2 Be5 37. Bxe5 Rxe5 38. Qc4 Re6 39. Rdc1 Qb7 40. Qe2 f4 41. Qf3 Rf6 42. e4 Ne7 43. Rd2 c5 44. Rcd1 Qc6 45. Rd7 a6 46. R1d2 h6 47. Qd1 Qxe4 48. Re2 Qxe2 49. Qxe2 Re6 50. Qxa6 1-0

[Event "Bursa-ch"]
[Site "Bursa"]
[Date "2015.01.09"]
[Round "3"]
[White "Yokus, Yusuf Diyar"]
[Black "Pekdemir, Veysel"]
[Result "0-1"]
[WhiteElo "1334"]
[BlackElo "1550"]
[PlyCount "132"]
[EventDate "2015.01.07"]
[EventType "swiss"]
[EventRounds "7"]
[EventCountry "TUR"]
[SourceTitle "EXT 2016"]
[Source "ChessBase"]
[SourceDate "2015.10.08"]
[SourceVersion "1"]
[SourceVersionDate "2015.10.08"]
[SourceQuality "1"]

1. e4 e5 2. d4 exd4 3. Nf3 Nc6 4. Nxd4 Bc5 5. Nb3 Bb6 6. Nc3 Nf6 7. Bg5 d6 8. Bc4 Ne5 9. Be2 0-0 10. 0-0 Be6 11. Nd4 h6 12. Bh4 c6 13. Nxe6 fxe6 14. Kh1 Qc7 15. f4 Ng6 16. Bg3 Rad8 17. Qd2 Ba5 18. Bf3 Qb6 19. Rab1 d5 20. exd5 exd5 21. Qf2 d4 22. Ne2 Bd2 23. Rfd1 Be3 24. Qe1 Rde8 25. Qf1 Ne4 26. Bxe4 Rxe4 27. f5 Qa5 28. Nxd4 Ne5 29. Bxe5 Qxe5 30. Ne6 Rxf5 31. Rd8+ Kf7 32. Rf8+ Kxe6 33. Re8+ Kf6 34. Rxe5 Rxf1+ 35. Rxf1+ Kxe5 36. g3 g5 37. Rf7 b5 38. Rc7 Kd6 39. Rh7 g4 40. Kg2 a5 41. Kf1 Re7 42. Rh8 Re6 43. Ra8 a4 44. b3 axb3 45. axb3 Bc5 46. Rh8 Rf6+ 47. Ke2 Rf2+ 48. Ke1 Rxh2 49. Kd1 Bf2 50. Rg8 h5 51. Rg6+ Kc7 52. Rf6 Bxg3 53. Rf7+ Kb6 54. Rh7 h4 55. Rg7 h3 56. Rxg4 Rg2 57. Rg6 h2 58. Rh6 Rg1+ 59. Ke2 h1Q 60. Rxh1 Rxh1 61. Kf3 Bd6 62. Ke4 Rc1 63. Kd3 Rd1+ 64. Kc3 Be5+ 65. Kb4 c5+ 66. Ka3 Ra1# 0-1